Fear of Water by Noah Kahan - Lyrics Quiz - Statistics

General Stats
  • This quiz has been taken 32 times
  • The average score is 168 of 204
Answer Stats
Answer % Correct
I
100%
a
95%
I'm
95%
in
95%
not
95%
of
95%
the
95%
try
95%
water
95%
what
95%
you
95%
you're
95%
afraid
90%
but
90%
dive
90%
give
90%
gonna
90%
if
90%
it
90%
right
90%
to
90%
are
85%
brave
85%
it'll
85%
it's
85%
little
85%
on
85%
should
85%
so
85%
take
85%
think
85%
all
80%
be
80%
can
80%
chemical
80%
darling
80%
for
80%
other
80%
side
80%
while
80%
you'll
80%
and
75%
get
75%
honey
75%
out
75%
tears
75%
these
75%
they
75%
aren't
70%
bridge
70%
broken
70%
can't
70%
down
70%
excuse
70%
how
70%
I'll
70%
over
70%
some
70%
still
70%
swim
70%
therapy
70%
why
70%
bad
65%
by
65%
don't
65%
fall
65%
foot
65%
forgetting
65%
my
65%
one
65%
response
65%
ton
65%
tragedy
65%
am
60%
as
60%
bricks
60%
'cause
60%
say
60%
sweet
60%
weighed
60%
fix
55%
flaws
55%
just
55%
live
55%
now
55%
supposed
55%
today
55%
bitterness
50%
deceived
50%
empathy
50%
fear
50%
energy
40%
find
40%
No matching quizzes found
Score Distribution
Percent of People with Each Score
Percentile by Number Answered
Your Score History
You have not taken this quiz